Univerzita inovací

Americká univerzita učiaca tvorivo myslieť - Ideo University. Princípy vyučovania inovatívnosti. Pravidlá brainstormingu pre poslucháčov univerzity Ideo. Postup realizácie nápadov dodaných brainstormingom.

Salvato in:
Dettagli Bibliografici
Natura: Capitolo di libro
Lingua:ceco
Soggetti:
Tags: Aggiungi Tag
Nessun Tag, puoi essere il primo ad aggiungerne!!

MARC

LEADER 00000naa a2200000 4500
001 r035883
005 20231002100433.4
041 0 |a cze 
044 |a CZ 
245 1 0 |a Univerzita inovací 
520 |a Americká univerzita učiaca tvorivo myslieť - Ideo University. Princípy vyučovania inovatívnosti. Pravidlá brainstormingu pre poslucháčov univerzity Ideo. Postup realizácie nápadov dodaných brainstormingom. 
610 2 0 |a inovácia 
610 2 0 |a efektívnosť inovácií 
610 2 0 |a brainstorming 
610 2 0 |a tvorivosť vedecká 
610 2 0 |a kreativita 
610 2 0 |a vzdelávanie ďalšie 
610 2 0 |a kurzy 
610 2 0 |a USA 
610 2 0 |a Ideo University